000 00776nam a22001937a 4500
005 20260410114905.0
010 _aB-746926-927 E.N.A./7.11.22 ENG-148012
020 _a9789393274052
_c1500.00
035 _aB-746926-927 EN-131544
037 _bNisha Scintific
082 _a250
100 _aVerma, Sachin
_988856
245 _aTibeten Buddhism /
_cSachin Verma
260 _aNew Delhi
_bNisha Scientific
_c2022
270 _a20/4637, Ansari Road, Daryaganj
_bNew Delhi
_e110002
300 _avii, 288p.
_c23cm(hbk)
942 _2ddc
_cEN
_mVER
_h250
999 _c193897
_d193897